Выбор целевой функции для решения задачи автоадаптации геолого-гидродинамической модели: автореферат диссертации на соискание ученой степени кандидата технических наук; спец. 2.3.1
| Auteur principal: | |
|---|---|
| Collectivité auteur: | |
| Autres auteurs: | |
| Résumé: | Заглавие с титульного экрана Электронная версия печатной публикации Защита сост. 2.06.2022 г. |
| Langue: | russe |
| Publié: |
Томск, 2022
|
| Sujets: | |
| Accès en ligne: | http://earchive.tpu.ru/handle/11683/70459 |
| Format: | Électronique Livre |
| KOHA link: | https://koha.lib.tpu.ru/cgi-bin/koha/opac-detail.pl?biblionumber=367974 |
MARC
| LEADER | 00000nlm0a2200000 4500 | ||
|---|---|---|---|
| 001 | 367974 | ||
| 005 | 20240131131617.0 | ||
| 035 | |a (RuTPU)RU\TPU\retro\25337 | ||
| 035 | |a RU\TPU\retro\24952 | ||
| 090 | |a 367974 | ||
| 100 | |a 20220328d2022 k y0rusy50 ca | ||
| 101 | 0 | |a rus | |
| 102 | |a RU | ||
| 105 | |a a dm 000zy | ||
| 135 | |a drcn ---uucaa | ||
| 181 | 0 | |a i | |
| 182 | 0 | |a b | |
| 200 | 1 | |a Выбор целевой функции для решения задачи автоадаптации геолого-гидродинамической модели |e автореферат диссертации на соискание ученой степени кандидата технических наук |e спец. 2.3.1 |f Г. А. Еремян |g науч. рук. В. С. Рукавишников | |
| 203 | |a Текст |c электронный | ||
| 210 | |a Томск |d 2022 | ||
| 215 | |a 1 файл (4 307 КБ) | ||
| 300 | |a Заглавие с титульного экрана | ||
| 300 | |a Электронная версия печатной публикации | ||
| 300 | |a Защита сост. 2.06.2022 г. | ||
| 452 | 1 | |0 (RuTPU)RU\TPU\book\379416 |t Выбор целевой функции для решения задачи автоадаптации геолого-гидродинамической модели |o автореферат диссертации на соискание ученой степени кандидата технических наук |o спец. 2.3.1 |f Г. А. Еремян |g Национальный исследовательский Томский политехнический университет ; науч. рук. В. С. Рукавишников |c Томск |n [Б. и.] |d 2022 |p 19 с. |a Еремян, Грачик Араикович | |
| 606 | 1 | |a Нефтегазовые пласты-коллекторы |x Моделирование |2 stltpush |3 (RuTPU)RU\TPU\subj\71969 |9 85619 | |
| 610 | 1 | |a электронный ресурс | |
| 610 | 1 | |a авторефераты диссертаций | |
| 610 | 1 | |a труды учёных ТПУ | |
| 610 | 1 | |a целевые функции | |
| 610 | 1 | |a автоадаптация | |
| 610 | 1 | |a геолого-гидродинамические модели | |
| 610 | 1 | |a байесовский подход | |
| 610 | 1 | |a пласты | |
| 610 | 1 | |a автоматизированная адаптация | |
| 610 | 1 | |a месторождения углеводородов | |
| 610 | 1 | |a численное моделирование | |
| 610 | 1 | |a системный анализ | |
| 610 | 1 | |a математическая статистика | |
| 610 | 1 | |a эффективность | |
| 610 | 1 | |a гидродинамические модели | |
| 610 | 1 | |a оптимизационные алгоритмы | |
| 675 | |a 552.578.2.061.4(04) |v 4 | ||
| 686 | |a 05.13.01 |2 oksvnk | ||
| 700 | 1 | |a Еремян |b Г. А. |c специалист в области нефтегазового дела |c инженер-исследователь Томского политехнического университета |f 1989- |g Грачик Араикович |3 (RuTPU)RU\TPU\pers\46483 | |
| 702 | 1 | |a Рукавишников |b В. С. |c специалист в области нефтегазового дела |c директор Центра подготовки и переподготовки специалистов нефтегазового дела, доцент Томского политехнического университета, кандидат технических наук |f 1984- |g Валерий Сергеевич |3 (RuTPU)RU\TPU\pers\34032 |4 727 |9 17597 | |
| 712 | 0 | 2 | |a Национальный исследовательский Томский политехнический университет |b Институт природных ресурсов |b Центр подготовки и переподготовки специалистов нефтегазового дела |3 (RuTPU)RU\TPU\col\23177 |
| 801 | 2 | |a RU |b 63413507 |c 20221220 |g RCR | |
| 856 | 4 | |u http://earchive.tpu.ru/handle/11683/70459 | |
| 942 | |c CF | ||